000 00866nam a2200229Ii 4500
003 JO-AjNU
008 230605s9999||||xx |||||||||||||| ||und||
017 _a23/0595
020 _a9960-878-67-8
040 _aJO-AjNU
_bara
_erda
_cJO-AjNU
041 _aara
050 1 4 _aAG196.2002
100 3 _aاللجنة الثقافية بدرا مريم بنت عمران لتحفيظ القرآن/اعداد,
_eauthor
_97528
245 0 0 _aمسابقات اهل القرآن : اسئلة ثقافية متنوعة مع ثلاثة اختيارات للاجابة
250 _aط3
264 3 1 _aالرياض:دار طويق للنشر والتوزيع ، 2002
300 _a212ص
336 _atext
_btxt
_2rdacontent
337 _aunmediated
_bn
_2rdamedia
338 _avolume
_bnc
_2rdacarrier
650 4 _aالثقافة العامة -اسئلة واجوبة
_97529
999 _aA325
_c3893
_d3893